Jessie Quiz - Statistics

General Stats
  • This quiz has been taken 541 times
  • The average score is 10 of 16
Answer Stats
Hint Answer % Correct
Nanny Jessie
98%
Obsessed with fashion Emma
97%
Has freckles Luke
95%
Indian boy Ravi
95%
Adopted girl Zuri
94%
Doorman Tony
83%
Giant Lizard Mrs. Kipling
76%
Creepy Girl that likes Luke Connie
72%
Annoying neighbor below the Rosses Mrs. Chesterfield
71%
Kid that has a crush on Zuri Stuart
48%
Nanny with blog Toddler Tattler Agatha
47%
Mrs. Chesterfields dogs name Zeus
47%
Police officer that does improv Officer Petey
30%
Butler Burtrum
28%
Emma's best friend Rosie
23%
Emma's boss that works at the Empire Skate Building Boomer
22%
No matching quizzes found
Score Distribution
Percent of People with Each Score
Percentile by Number Answered
Your Score History
You have not taken this quiz